| 000 | 00324nam a22001331a 4500 | ||
|---|---|---|---|
| 999 |
_c167821 _d167821 |
||
| 082 |
_a _b |
||
| 100 | _aNoam Chomsky | ||
| 245 |
_aClass warfare: _bInterviews with David Barsamian/ _cby Noam Chomsky. |
||
| 260 |
_a _bViva, _c2008. |
||
| 300 | _a185p. | ||
| 650 | _a Literature English | ||
| 650 | _aEnglish | ||
| 942 | _cBK | ||